<?xml version="1.0" encoding="UTF-8"?>
<record
    xmlns:xsi="http://www.w3.org/2001/XMLSchema-instance"
    xsi:schemaLocation="http://www.loc.gov/MARC21/slim http://www.loc.gov/standards/marcxml/schema/MARC21slim.xsd"
    xmlns="http://www.loc.gov/MARC21/slim">

  <leader>03349cam a2200265 i 4500</leader>
  <controlfield tag="001">21732832</controlfield>
  <controlfield tag="005">20250325105917.0</controlfield>
  <controlfield tag="008">200930s2021    enka     b    001 0 eng  </controlfield>
  <datafield tag="010" ind1=" " ind2=" ">
    <subfield code="a">  2020043309</subfield>
  </datafield>
  <datafield tag="020" ind1=" " ind2=" ">
    <subfield code="a">9781789664669</subfield>
    <subfield code="q">(paperback)</subfield>
  </datafield>
  <datafield tag="040" ind1=" " ind2=" ">
    <subfield code="a">DLC</subfield>
    <subfield code="b">eng</subfield>
    <subfield code="c">DLC</subfield>
    <subfield code="e">rda</subfield>
    <subfield code="d">DLC</subfield>
  </datafield>
  <datafield tag="042" ind1=" " ind2=" ">
    <subfield code="a">pcc</subfield>
  </datafield>
  <datafield tag="050" ind1="0" ind2="0">
    <subfield code="a">HF5415.1255</subfield>
    <subfield code="b">.S39 2021</subfield>
  </datafield>
  <datafield tag="100" ind1=" " ind2=" ">
    <subfield code="a">Schaefer, Wolfgang,</subfield>
    <subfield code="e">author.</subfield>
    <subfield code="9">25015</subfield>
  </datafield>
  <datafield tag="245" ind1="1" ind2="0">
    <subfield code="a">Brand elevation </subfield>
    <subfield code="b">: lessons in ueber-branding </subfield>
    <subfield code="c">/ Wolfgang Schaefer and JP Kuehlwein.</subfield>
  </datafield>
  <datafield tag="264" ind1=" " ind2="1">
    <subfield code="a">London, United Kingdom ;</subfield>
    <subfield code="a">New York, NY :</subfield>
    <subfield code="b">Kogan Page,</subfield>
    <subfield code="c">2021.</subfield>
  </datafield>
  <datafield tag="300" ind1=" " ind2=" ">
    <subfield code="a">xiv, 287 pages ;</subfield>
    <subfield code="b">illustrations :</subfield>
    <subfield code="c">25 cm</subfield>
  </datafield>
  <datafield tag="504" ind1=" " ind2=" ">
    <subfield code="a">Includes bibliographical references and index.</subfield>
  </datafield>
  <datafield tag="505" ind1=" " ind2=" ">
    <subfield code="a">Mission incomparable: Having a distinct, brand-guiding Mission &#x2014; 
Longing vs belonging: Balancing exclusivity and inclusion &#x2014; 
Un-selling: Mastering the art of seduction &#x2014; 
From Myth to meaning: Giving the brand soul &#x2014; 
Behold the product!: Making your product manifest the Myth &#x2014; 
Living the dream: Letting the brand radiate from the inside out &#x2014; 
Growth without end: Balancing scaling and brand building &#x2014; 

HOW TO &#x2014; SIX STEPS TO ELEVATE YOUR BRAND &#x2014;
Set Your Mission &#x2014;
Write Your Myth &#x2014;
Realize Your Dream &#x2014;
Live Your Dream &#x2014;
Find Your Ueber-Target &#x2014;
Ignite All Targets &#x2014;
Summing up &#x2014; The Ueber-Branding Model

LESSONS &#x2014; UEBER-BRANDING IN ACTION &#x2014;
TerraCycle &#x2014; From Mission to Myth to movement, or &#x2014; How to &#x2018;eliminate the idea of waste&#x2019;
Acqua di Parma &#x2014; The power of a mythical core, or &#x2014; How to build your business and your equity simultaneously
Burt&#x2019;s Bees &#x2014; Growing an Ueber-Brand ground up, or &#x2014; How purpose and profit can live in harmony
Starbucks &#x2014; The renaissance plan, or &#x2014; How to leap ahead by going back to quality and service
Airbnb &#x2014; The importance of culture, or &#x2014; How Airbnb found, launched and lives its purpose
Lakrids &#x2014; Growth without end, or &#x2014; How to scale a dream
YouTube &#x2014; Platform or brand of the future, or &#x2014; How to be one when you are many

EPILOGUE &#x2014;
Crises &#x2014; Times of Ueber-Opportunities
References and further reading &#x2014;
Index</subfield>
  </datafield>
  <datafield tag="520" ind1=" " ind2=" ">
    <subfield code="a">How can a brand become one of those peerless 'Ueber-Brands' we all admire and are willing to pay a premium for? Is there a proven process? Where should we start?

Brand Elevation explains the main drivers behind brands becoming peerless and priceless and how to harness these principles to develop a winning brand strategy. Written for marketers and brand managers of all levels of experience, and for both those working in start-ups and established players, it proposes a six-step, easy-to-follow program to elevate your brand.

Brand Elevation explores challenges such as creating a distinct and brand-guiding mission, mediating between exclusivity and inclusion and mastering the art of seduction. Featuring case studies and expert accounts from organizations including Airbnb, Acqua di Parma, Burt's Bees, Lakrids, Starbucks, TerraCycle, and YouTube, Wolfgang Schaefer and JP Kuehlwein skilfully explain how any brand - regardless of sector and industry - can become a modern prestige brand.</subfield>
    <subfield code="c">Provided by publisher.</subfield>
  </datafield>
  <datafield tag="650" ind1=" " ind2="0">
    <subfield code="a">Branding (Marketing)</subfield>
    <subfield code="9">6284</subfield>
  </datafield>
  <datafield tag="650" ind1=" " ind2="0">
    <subfield code="a">Brand name products</subfield>
    <subfield code="9">2371</subfield>
  </datafield>
  <datafield tag="700" ind1=" " ind2=" ">
    <subfield code="a">Kuehlwein, J. P.,</subfield>
    <subfield code="e">author.</subfield>
    <subfield code="9">25016</subfield>
  </datafield>
  <datafield tag="942" ind1=" " ind2=" ">
    <subfield code="2">lcc</subfield>
  </datafield>
  <datafield tag="952" ind1=" " ind2=" ">
    <subfield code="0">0</subfield>
    <subfield code="1">0</subfield>
    <subfield code="2">lcc</subfield>
    <subfield code="4">0</subfield>
    <subfield code="7">0</subfield>
    <subfield code="a">TBS</subfield>
    <subfield code="b">TBS</subfield>
    <subfield code="d">2025-03-25</subfield>
    <subfield code="l">1</subfield>
    <subfield code="o">HF5415.1255 SCH</subfield>
    <subfield code="p">B05913</subfield>
    <subfield code="r">2025-10-28</subfield>
    <subfield code="s">2025-10-28</subfield>
    <subfield code="t">1</subfield>
    <subfield code="w">2025-03-25</subfield>
    <subfield code="y">1</subfield>
  </datafield>
  <datafield tag="999" ind1=" " ind2=" ">
    <subfield code="c">4573</subfield>
    <subfield code="d">4573</subfield>
  </datafield>
</record>
